01795agaaa2200289 45000010005000000030009000050050017000140070009000310080040000400400023000800410013001031000045001161300038001612450169001992500022003682600075003903000033004655080061004985110020005595200669005795380016012485460013012646500055012777000057013327000057013897000059014463567IT-RoPAU20220918181240.0d cvaizq50131s9999||||xx ||| | || ||und|| aIT-RoPAUcIT-RoPAU aITALIANO aOlmi ErmannogCodice regista SPICS: 3081 aGENESI. LA CREAZIONE E IL DILUVIO aGENESI. LA CREAZIONE E IL DILUVIOcSceneggiatura: Olmi Ermanno -- Diretto da: Olmi ErmannopGENESI. LA CREAZIONE E IL DILUVIO (Rif. Codice opera principale : D3567) aEdizione Standard a(ITALIA)bLUX FILM / g"1994 (1° ed.: 1994 ; Ed. Lingua Orig.: 1994)" aVHSbsonoro, col.c90 minuti a"Musica: Morricone Ennio; Sceneggiatura: Olmi Ermanno; " aAntonutti Omero aERMANNO OLMI COMINCIA LA SUA GENESI CON LE IMMAGINI DELLA NATURA POTENTE EINCONTAMINATA E IL RACCONTO DI UN PASTORE NOMADE ALLA SUA DISCENDENZA RIUNITA SOTTO UNA TENDA. LA CREAZIONE DELL'UNIVERSO E DELL'UOMO IL PECCATO DI ADAMO ED EVA LA CACCIATA DAL PARADISO IL FRATRICIDIO DI CAINO LA SCELTA DI NOE' IL DILUVIO UNIVERSALE IL PATTO DI ALLEANZA ETERNA TRA DIO E OGNI ESSEREVIVENTE SONO RACCONTATI ATTRAVERSO LE PAROLE CHIARE E SEMPLICI DI QUESTO ANZIANO SAGGIO CON L'INTENTO DI MOSTRARE CHE LA CREAZIONE AVVIENE OGNI GIORNO E CHE IL PATTO TRA DIO E L'UOMO SI RINNOVA O SI ROMPE IN OGNI NOSTRO ATTOTUTTI GLI ALTRI INTERPRETI SONO GENTE COMUNE DEL POPOLO MAROCCHINO. aPAL, STEREO aITALIANO aRELIGIOSOeFILMS [VHS]xCodice MATERIA SPICS: 9960 aMorricone Ennioe(musica)gCodice Musica SPICS: 3535 aOlmi Ermanno e(regista)gCodice regista SPICS: 3081 aOlmi Ermanno e(soggetto)gCodice Soggetto SPICS: 3081